[Event "SCO-ch op 128th"]
[Site "Dunfermline"]
[Date "2023.07.08"]
[Round "3"]
[White "Jennings, Richard"]
[Black "Dunn, Andrew"]
[Result "1-0"]
[WhiteElo "1828"]
[BlackElo "2078"]
[PlyCount "157"]
[EventDate "2023.07.07"]
[EventType "swiss"]
[EventRounds "5"]
[EventCountry "SCO"]
[SourceTitle "CBM 215 Extra"]
[Source "ChessBase"]
[SourceDate "2023.09.30"]
[SourceVersion "1"]
[SourceVersionDate "2023.09.30"]
[SourceQuality "1"]

1. d4 d5 2. c4 e6 3. Nc3 Be7 4. cxd5 exd5 5. Bf4 c6 6. Qc2 Nf6 7. e3 Nbd7 8. Bd3 Nf8 9. Nge2 Ne6 10. Bg3 g6 11. 0-0 Ng7 12. f3 0-0 13. Rad1 Be6 14. Nf4 Bf5 15. e4 dxe4 16. fxe4 Bg4 17. Nfe2 Nfh5 18. Bf2 Ne6 19. h3 Bxe2 20. Nxe2 Bd6 21. e5 Bc7 22. Qd2 Bb6 23. Bc4 Qe7 24. Qh6 Qg5 25. Qxg5 Nxg5 26. Be3 Ne6 27. g4 Nhg7 28. Kg2 Rad8 29. Kf3 Nc7 30. Bh6 Rfe8 31. Ke4 Nd5 32. Nc3 f5+ 33. Kd3 fxg4 34. hxg4 Ne6 35. Ke4 Nec7 36. Rf3 Kh8 37. a3 Nxc3+ 38. bxc3 Nd5 39. Bg5 Rd7 40. Kd3 Bd8 41. Bh6 Be7 42. Rf7 Red8 43. e6 Rc7 44. Bxd5 cxd5 45. Rdf1 Rdc8 46. Bd2 Bxa3 47. Rxc7 Rxc7 48. Bh6 Kg8 49. Ra1 Bf8 50. Bg5 Be7 51. Bf4 Rc6 52. Rxa7 Rxe6 53. Rxb7 g5 54. Be5 Kf7 55. Rd7 Ke8 56. Rxd5 Rh6 57. Ra5 Rh3+ 58. Kc4 Rh4 59. Kd5 Rxg4 60. Ke6 Bd8 61. Ra7 Rh4 62. d5 g4 63. Ra8 Rh6+ 64. Kf5 Rh5+ 65. Ke4 Kd7 66. Ra7+ Kc8 67. d6 Bb6 68. Rg7 Rh6 69. Rxg4 Rg6 70. Rh4 h6 71. Kd5 Kd7 72. Rb4 Bd8 73. Rb7+ Kc8 74. Rh7 Bg5 75. Kc6 Bd8 76. c4 Re6 77. Kd5 Rg6 78. c5 Rg5 79. Rxh6 1-0

[Event "SCO-ch op 128th"]
[Site "Dunfermline"]
[Date "2023.07.07"]
[Round "1"]
[White "Boggarapu, Kritan"]
[Black "Dunn, Andrew"]
[Result "1-0"]
[WhiteElo "1864"]
[BlackElo "2078"]
[PlyCount "128"]
[EventDate "2023.07.07"]
[EventType "swiss"]
[EventRounds "5"]
[EventCountry "SCO"]
[SourceTitle "CBM 215 Extra"]
[Source "ChessBase"]
[SourceDate "2023.09.30"]
[SourceVersion "1"]
[SourceVersionDate "2023.09.30"]
[SourceQuality "1"]

1. e4 c6 2. d4 d5 3. Nc3 dxe4 4. Nxe4 Nf6 5. Nxf6+ exf6 6. Be3 Bd6 7. Nf3 0-0 8. Bd3 Re8 9. 0-0 Nd7 10. c4 Nf8 11. Qc2 Qc7 12. h3 Be6 13. Nd2 Bf4 14. Rae1 Rad8 15. Ne4 f5 16. Nc5 Bh2+ 17. Kh1 f4 18. Nxe6 Rxe6 19. Bc1 f3 20. g3 Rxe1 21. Rxe1 Bxg3 22. fxg3 Qxg3 23. Rg1 Qxh3+ 24. Qh2 Qxh2+ 25. Kxh2 Rxd4 26. Rd1 Ne6 27. Be3 Rg4 28. Rg1 Rh4+ 29. Kg3 Rh5 30. Kxf3 g6 31. Rd1 Rh3+ 32. Ke2 Rh2+ 33. Bf2 c5 34. Be4 Nd4+ 35. Kf1 b6 36. Kg1 Rh5 37. Bxd4 cxd4 38. Rxd4 b5 39. Bd5 bxc4 40. Bxc4 Rf5 41. b4 Kf8 42. Rd7 Rf4 43. Bb3 Rxb4 44. Rxf7+ Ke8 45. Rxh7 a5 46. Ra7 Rg4+ 47. Kf2 Rg5 48. a4 Kd8 49. Bc4 Kc8 50. Bb5 Rf5+ 51. Kg3 Kb8 52. Rxa5 Rf6 53. Ra6 Rf8 54. Rxg6 Ka7 55. Kg4 Rf2 56. Kg5 Kb7 57. Rf6 Rg2+ 58. Kf5 Rf2+ 59. Ke6 Rd2 60. a5 Rb2 61. Rf7+ Kb8 62. Bc4 Rb4 63. Kd5 Ra4 64. a6 Rb4 1-0

[Event "BCF-chT 2122 (4NCL)"]
[Site "England"]
[Date "2022.05.02"]
[Round "9.96"]
[White "Dunn, Andrew"]
[Black "Talsma, Paul"]
[Result "0-1"]
[WhiteElo "2080"]
[BlackElo "2136"]
[PlyCount "102"]
[EventDate "2021.11.27"]
[EventType "team-swiss"]
[EventRounds "11"]
[EventCountry "ENG"]
[SourceTitle "EXT 2023"]
[Source "ChessBase"]
[SourceDate "2022.10.05"]
[SourceVersion "1"]
[SourceVersionDate "2022.10.05"]
[SourceQuality "1"]
[WhiteTeam "North East England"]
[BlackTeam "Anglian Avengers"]
[WhiteTeamCountry "ENG"]
[BlackTeamCountry "ENG"]

1. Nf3 Nf6 2. c4 g6 3. Nc3 Bg7 4. d4 d5 5. Qb3 dxc4 6. Qxc4 0-0 7. e4 Nc6 8. h3 Nd7 9. d5 Nce5 10. Nxe5 Nxe5 11. Qb3 c6 12. Be3 cxd5 13. Nxd5 e6 14. Nf4 Nc6 15. Bd3 Qa5+ 16. Bd2 Qe5 17. Ne2 Qxb2 18. Qxb2 Bxb2 19. Rb1 Bf6 20. f4 b6 21. e5 Bh4+ 22. g3 Be7 23. Be4 Bb7 24. 0-0 Rfd8 25. Be3 Na5 26. Bxb7 Nxb7 27. Rfd1 Rxd1+ 28. Rxd1 Rd8 29. Rxd8+ Nxd8 30. Nc3 Nc6 31. Kf1 Kf8 32. Ke2 Ke8 33. Kd3 Kd7 34. Kc4 Kc7 35. a4 a6 36. Ne4 Na5+ 37. Kd3 Kc6 38. g4 Nb7 39. f5 gxf5 40. gxf5 exf5 41. Ng3 f4 42. Bxf4 Nc5+ 43. Kd4 Nxa4 44. Nf5 Bc5+ 45. Kd3 Kd5 46. Nh6 Ke6 47. Ng4 Be7 48. Ne3 b5 49. Nc2 Bc5 50. Ne1 Kf5 51. Bg3 Nb6 0-1

[Event "BCF-chT 2122 (4NCL)"]
[Site "England"]
[Date "2022.04.30"]
[Round "7.74"]
[White "Dunn, Andrew"]
[Black "Wall, Gavin"]
[Result "0-1"]
[WhiteElo "2080"]
[BlackElo "2312"]
[PlyCount "78"]
[EventDate "2021.11.27"]
[EventType "team-swiss"]
[EventRounds "11"]
[EventCountry "ENG"]
[SourceTitle "EXT 2023"]
[Source "ChessBase"]
[SourceDate "2022.10.05"]
[SourceVersion "1"]
[SourceVersionDate "2022.10.05"]
[SourceQuality "1"]
[WhiteTeam "North East England"]
[BlackTeam "Gonzaga"]
[WhiteTeamCountry "ENG"]
[BlackTeamCountry "ENG"]

1. d4 f5 2. g3 Nf6 3. Bg2 g6 4. Nh3 Nc6 5. Nf4 d6 6. c3 e5 7. dxe5 dxe5 8. Qxd8+ Nxd8 9. Nd3 Nf7 10. Be3 Ng4 11. Bc5 e4 12. Bxf8 Rxf8 13. Nb4 Be6 14. Nc2 0-0-0 15. h3 Nge5 16. Nd2 c5 17. b3 h5 18. 0-0-0 h4 19. c4 Nc6 20. Nb1 Nd4 21. Nc3 hxg3 22. fxg3 a6 23. Kb2 Ne5 24. Ne3 b5 25. cxb5 axb5 26. Rd2 Rf7 27. Rc1 Rc7 28. Bf1 Rd6 29. Nc2 b4 30. Na4 Nb5 31. Rxd6 Nxd6 32. Ne3 c4 33. Nb6+ Kb7 34. Nbxc4 Ndxc4+ 35. bxc4 Bxc4 36. Rc2 Kb6 37. h4 Rc5 38. Bh3 Bxe2 39. Rd2 Nd3+ 0-1

[Event "BCF-chT 2122 (4NCL)"]
[Site "England"]
[Date "2022.02.12"]
[Round "3.52"]
[White "Dunn, Andrew"]
[Black "Han, Yichen"]
[Result "1/2-1/2"]
[WhiteElo "2080"]
[BlackElo "2347"]
[PlyCount "97"]
[EventDate "2021.11.27"]
[EventType "team-swiss"]
[EventRounds "11"]
[EventCountry "ENG"]
[SourceTitle "EXT 2023"]
[Source "ChessBase"]
[SourceDate "2022.10.05"]
[SourceVersion "1"]
[SourceVersionDate "2022.10.05"]
[SourceQuality "1"]
[WhiteTeam "North East England"]
[BlackTeam "Chessable White Rose"]
[WhiteTeamCountry "ENG"]
[BlackTeamCountry "ENG"]

1. d4 d5 2. c4 e6 3. Nf3 a6 4. e3 Nf6 5. Be2 dxc4 6. Bxc4 b5 7. Bb3 Bb7 8. 0-0 Nbd7 9. Qe2 c5 10. Rd1 Qc7 11. a3 Be7 12. Nc3 0-0 13. Bd2 c4 14. Bc2 e5 15. dxe5 Nxe5 16. e4 Bd6 17. h3 Rfe8 18. Bg5 Nxf3+ 19. Qxf3 Be5 20. Bxf6 Bxf6 21. Qf5 Re5 22. Qd7 Qc6 23. Qxc6 Bxc6 24. f4 Ree8 25. e5 Be7 26. Be4 Rac8 27. Kf2 f6 28. Bd5+ Bxd5 29. Rxd5 fxe5 30. fxe5 Rf8+ 31. Ke2 Rce8 32. Ne4 Bf6 33. Nxf6+ gxf6 34. Rad1 fxe5 35. Rd6 Re7 36. Rxa6 Ref7 37. Ke3 Rf2 38. Rd2 Rxd2 39. Kxd2 Rf2+ 40. Kc1 Rf1+ 41. Kd2 Rf2+ 42. Kc1 e4 43. Re6 Re2 44. Re5 e3 45. Rxb5 Rxg2 46. Re5 e2 47. Kd2 e1Q+ 48. Kxe1 Rxb2 49. Rc5 1/2-1/2

[Event "BCF-chT2a 1920 (4NCL)"]
[Site "Daventry"]
[Date "2020.01.11"]
[Round "3.47"]
[White "Rabbitt, Michael"]
[Black "Dunn, Andrew"]
[Result "0-1"]
[WhiteElo "1994"]
[BlackElo "2065"]
[PlyCount "76"]
[EventDate "2020.01.11"]
[EventType "team-tourn"]
[EventRounds "11"]
[EventCountry "ENG"]
[SourceTitle "CBM 194 Extra"]
[Source "ChessBase"]
[SourceDate "2020.03.31"]
[SourceVersion "1"]
[SourceVersionDate "2020.03.31"]
[SourceQuality "1"]
[WhiteTeam "Check Innmates"]
[BlackTeam "North East England"]
[WhiteTeamCountry "ENG"]
[BlackTeamCountry "ENG"]

1. e4 c6 2. Nc3 d5 3. Nf3 Bg4 4. h3 Bxf3 5. Qxf3 Nf6 6. e5 Nfd7 7. Qe2 e6 8. g3 c5 9. Bg2 Nc6 10. f4 Nd4 11. Qd1 Nf5 12. Qf3 Be7 13. d3 Nxg3 14. Rg1 Bh4 15. Kd1 Nf5 16. Bd2 Qb6 17. Bf1 g6 18. b3 Rc8 19. Rh1 Qc6 20. Rg1 a6 21. Kc1 b5 22. Kb2 Nb6 23. Rc1 b4 24. Ne2 a5 25. Bg2 a4 26. Rgd1 Be7 27. Be1 Qa8 28. Ra1 Qa6 29. Bf2 Rc7 30. Bf1 0-0 31. Ng3 Nxg3 32. Qxg3 Rfc8 33. Qg1 Rc6 34. Be2 c4 35. dxc4 dxc4 36. Kb1 Nd5 37. Bxc4 Nc3+ 38. Kb2 a3+ 0-1

[Event "BCF-chT1d 1819 (4NCL) Demotion pool"]
[Site "England"]
[Date "2019.05.05"]
[Round "10.64"]
[White "Dunn, Andrew"]
[Black "Ashton, Adam"]
[Result "1/2-1/2"]
[WhiteElo "2073"]
[BlackElo "2316"]
[PlyCount "65"]
[EventDate "2018.11.10"]
[EventType "team-tourn"]
[EventRounds "4"]
[EventCountry "ENG"]
[SourceTitle "CBM 190 Extra"]
[Source "ChessBase"]
[SourceDate "2019.07.15"]
[SourceVersion "1"]
[SourceVersionDate "2019.07.15"]
[SourceQuality "1"]
[WhiteTeam "North East England"]
[BlackTeam "3CS Oldham"]
[WhiteTeamCountry "ENG"]
[BlackTeamCountry "ENG"]

1. d4 d5 2. Nf3 Nf6 3. c4 e6 4. g3 Be7 5. Bg2 dxc4 6. Qa4+ Bd7 7. Qxc4 Bc6 8. Nc3 0-0 9. 0-0 a6 10. a4 b5 11. Qd3 b4 12. Nb1 Be4 13. Qe3 Nbd7 14. Nbd2 Bb7 15. Nb3 Nd5 16. Qd3 c5 17. dxc5 Rc8 18. Bd2 h6 19. e4 N5f6 20. Bxb4 Bxe4 21. Qe3 Ba8 22. Ba5 Qe8 23. Rfc1 Bd5 24. Nfd2 Bxg2 25. Kxg2 Nd5 26. Qe2 Nxc5 27. Nxc5 Rxc5 28. Rxc5 Bxc5 29. Qxa6 Qb8 30. Qb5 Qxb5 31. axb5 Rb8 32. Nb3 Rxb5 33. Nxc5 1/2-1/2

[Event "BCF-chT1a 1819 (4NCL)"]
[Site "England"]
[Date "2019.02.10"]
[Round "6.46"]
[White "Findlay, David John"]
[Black "Dunn, Andrew"]
[Result "1/2-1/2"]
[WhiteElo "2187"]
[BlackElo "2106"]
[PlyCount "39"]
[EventDate "2018.11.10"]
[EventType "team-tourn"]
[EventRounds "7"]
[EventCountry "ENG"]
[SourceTitle "CBM 188 Extra"]
[Source "ChessBase"]
[SourceDate "2019.02.26"]
[SourceVersion "1"]
[SourceVersionDate "2019.02.26"]
[SourceQuality "1"]
[WhiteTeam "Alba"]
[BlackTeam "North East England"]
[WhiteTeamCountry "ENG"]
[BlackTeamCountry "ENG"]

1. e4 c6 2. d4 d5 3. exd5 cxd5 4. c4 Nf6 5. Nc3 Nc6 6. Bg5 Be6 7. a3 g6 8. Be2 Bg7 9. Bf3 Na5 10. Bxf6 Bxf6 11. cxd5 Bd7 12. Nge2 Nc4 13. Qb3 Nd6 14. 0-0 0-0 15. Ne4 Nxe4 16. Bxe4 Qc7 17. Rac1 Qd6 18. Rc4 b5 19. Rc3 a5 20. Rcc1 1/2-1/2

[Event "BCF-chT2 1718 (4NCL) Promotion pool"]
[Site "England"]
[Date "2018.05.07"]
[Round "11.13"]
[White "Dunn, Andrew"]
[Black "Jaracz, Pawel"]
[Result "0-1"]
[WhiteElo "2237"]
[BlackElo "2463"]
[PlyCount "64"]
[EventDate "2017.11.11"]
[EventType "team-tourn"]
[EventRounds "11"]
[EventCountry "ENG"]
[SourceTitle "EXT 2020"]
[Source "ChessBase"]
[SourceDate "2019.10.17"]
[SourceVersion "1"]
[SourceVersionDate "2019.10.17"]
[SourceQuality "1"]
[WhiteTeam "North East England"]
[BlackTeam "Manx Liberty"]
[WhiteTeamCountry "ENG"]
[BlackTeamCountry "ENG"]

1. d4 Nf6 2. Nf3 e6 3. c4 d5 4. g3 Bb4+ 5. Bd2 Be7 6. Bg2 c6 7. Qc2 0-0 8. 0-0 b6 9. Bf4 Bb7 10. Rd1 Nbd7 11. Ne5 Rc8 12. Nxd7 Qxd7 13. cxd5 cxd5 14. Qb3 Ba6 15. Nc3 Bc4 16. Qc2 b5 17. a3 a5 18. Rdc1 a4 19. Qd2 Rfd8 20. Nd1 Ne4 21. Qe1 Qa7 22. Be3 Bf6 23. Bxe4 dxe4 24. d5 Qa6 25. dxe6 Qxe6 26. Bd2 Qg4 27. Bc3 Bg5 28. e3 Be2 29. h3 Qf3 30. Bd2 Rxc1 31. Rxc1 h5 32. Nc3 Bc4 0-1

[Event "BCF-chT2 1718 (4NCL) Promotion pool"]
[Site "England"]
[Date "2018.03.18"]
[Round "8.44"]
[White "Dunn, Andrew"]
[Black "Birtwistle, Nigel"]
[Result "1/2-1/2"]
[WhiteElo "2237"]
[BlackElo "2136"]
[PlyCount "40"]
[EventDate "2017.11.11"]
[EventType "team-tourn"]
[EventRounds "11"]
[EventCountry "ENG"]
[SourceTitle "EXT 2020"]
[Source "ChessBase"]
[SourceDate "2019.10.17"]
[SourceVersion "1"]
[SourceVersionDate "2019.10.17"]
[SourceQuality "1"]
[WhiteTeam "North East England"]
[BlackTeam "Grantham Sharks II"]
[WhiteTeamCountry "ENG"]
[BlackTeamCountry "ENG"]

1. d4 Nf6 2. Nf3 c5 3. c3 g6 4. Bg5 Bg7 5. Nbd2 d5 6. e3 b6 7. Bb5+ Bd7 8. Bd3 Nc6 9. h3 0-0 10. Qe2 Bc8 11. 0-0 Bb7 12. Rfe1 Nd7 13. e4 cxd4 14. exd5 Nce5 15. cxd4 Nxd3 16. Qxd3 Nf6 17. Bxf6 Bxf6 18. Ne4 Qxd5 19. Nxf6+ exf6 20. Re7 Rfe8 1/2-1/2

[Event "BCF-chT2b 1718 (4NCL)"]
[Site "England"]
[Date "2018.02.10"]
[Round "5.53"]
[White "Dunn, Andrew"]
[Black "Moore, Graham J"]
[Result "0-1"]
[WhiteElo "2237"]
[BlackElo "2179"]
[PlyCount "106"]
[EventDate "2017.11.11"]
[EventType "team-tourn"]
[EventRounds "7"]
[EventCountry "ENG"]
[SourceTitle "EXT 2020"]
[Source "ChessBase"]
[SourceDate "2019.10.17"]
[SourceVersion "1"]
[SourceVersionDate "2019.10.17"]
[SourceQuality "1"]
[WhiteTeam "North East England"]
[BlackTeam "Anglian Avengers"]
[WhiteTeamCountry "ENG"]
[BlackTeamCountry "ENG"]

1. d4 Nf6 2. c4 g6 3. Nc3 Bg7 4. e4 d6 5. f4 0-0 6. Nf3 e5 7. dxe5 dxe5 8. Qxd8 Rxd8 9. Nxe5 Re8 10. Be2 Nxe4 11. Nxe4 f6 12. Nxf6+ Bxf6 13. 0-0 Nc6 14. Bf3 Nxe5 15. fxe5 Bxe5 16. Bd5+ Be6 17. Bxb7 Rab8 18. Bd5 Bxd5 19. cxd5 Bd4+ 20. Kh1 Bxb2 21. Rb1 Be5 22. Be3 a6 23. Bc5 Rxb1 24. Rxb1 Rd8 25. Rd1 c6 26. d6 Kf7 27. Bb6 Rxd6 28. Rc1 Ke6 29. g3 Kd7 30. a4 Bd4 31. Ba5 c5 32. Kg2 Rf6 33. Rc2 Kd6 34. Bb6 Kd5 35. a5 h5 36. h3 Ke4 37. h4 Kd3 38. Rc1 Rf2+ 39. Kh3 Rc2 40. Rf1 Rf2 41. Re1 Re2 42. Rf1 Re4 43. Rd1+ Kc2 44. Rf1 c4 45. Bxd4 Rxd4 46. Rf6 c3 47. Rxa6 Kd1 48. Rxg6 Rc4 49. Rd6+ Ke1 50. a6 c2 51. a7 Rc8 52. Rc6 Rxc6 53. a8Q c1Q 0-1

[Event "BCF-chT2b 1718 (4NCL)"]
[Site "England"]
[Date "2018.01.13"]
[Round "3.53"]
[White "Mason, Donald"]
[Black "Dunn, Andrew"]
[Result "1/2-1/2"]
[WhiteElo "2200"]
[BlackElo "2237"]
[PlyCount "43"]
[EventDate "2017.11.11"]
[EventType "team-tourn"]
[EventRounds "7"]
[EventCountry "ENG"]
[SourceTitle "EXT 2020"]
[Source "ChessBase"]
[SourceDate "2019.10.17"]
[SourceVersion "1"]
[SourceVersionDate "2019.10.17"]
[SourceQuality "1"]
[WhiteTeam "Warwicks Select"]
[BlackTeam "North East England"]
[WhiteTeamCountry "ENG"]
[BlackTeamCountry "ENG"]

1. e4 c6 2. d4 d5 3. e5 Bf5 4. h4 h5 5. Bd3 Bxd3 6. Qxd3 e6 7. Bg5 Be7 8. Nf3 Qb6 9. b3 Qa6 10. c4 Nd7 11. Nbd2 Nb6 12. 0-0 Rd8 13. Qc3 dxc4 14. bxc4 Bxg5 15. hxg5 Ne7 16. Rfc1 0-0 17. a4 Nd7 18. Ne4 c5 19. Nf6+ Nxf6 20. exf6 cxd4 21. Nxd4 Nf5 22. Nxf5 1/2-1/2

[Event "BCF-chT1b 1617 (4NCL)"]
[Site "England"]
[Date "2017.01.15"]
[Round "4.72"]
[White "Dunn, Andrew"]
[Black "Taylor, Martin R"]
[Result "0-1"]
[WhiteElo "2213"]
[BlackElo "2320"]
[PlyCount "108"]
[EventDate "2016.11.19"]
[EventType "team-tourn"]
[EventRounds "7"]
[EventCountry "ENG"]
[SourceTitle "EXT 2018"]
[Source "ChessBase"]
[SourceDate "2017.10.13"]
[SourceVersion "1"]
[SourceVersionDate "2017.10.13"]
[SourceQuality "1"]
[WhiteTeam "North East England"]
[BlackTeam "Barbican II"]
[WhiteTeamCountry "ENG"]
[BlackTeamCountry "ENG"]

1. d4 d5 2. c4 c6 3. cxd5 cxd5 4. Nc3 Nf6 5. Bf4 Nc6 6. e3 Bf5 7. Qb3 Na5 8. Qa4+ Bd7 9. Bb5 e6 10. Nf3 a6 11. Bxd7+ Nxd7 12. 0-0 b5 13. Qd1 Be7 14. Rc1 Rc8 15. a4 b4 16. Ne2 0-0 17. Qd3 Qb6 18. b3 Qb7 19. Nd2 Rxc1 20. Rxc1 Rc8 21. Rxc8+ Qxc8 22. Qb1 Qc6 23. Qc1 f6 24. Bc7 Qxc1+ 25. Nxc1 Nc6 26. Nf3 e5 27. Kf1 Kf7 28. Ke1 Ke6 29. Kd1 g5 30. h3 e4 31. Nd2 f5 32. Ne2 h6 33. h4 Nf6 34. hxg5 hxg5 35. g3 Ng4 36. Ke1 Nh2 37. Nf1 Nf3+ 38. Kd1 Bd6 39. Bxd6 Kxd6 40. Nd2 Nh2 41. Ng1 Ke6 42. Ke2 Na5 43. Kd1 Kf6 44. Ne2 Kg6 45. Nc1 Kh5 46. Na2 Nc6 47. Ke2 Kg4 48. Nf1 Nxf1 49. Kxf1 Kf3 50. Nc1 f4 51. exf4 gxf4 52. Ne2 e3 53. gxf4 exf2 54. f5 Ne7 0-1

[Event "BCF-chT1b 1617 (4NCL)"]
[Site "England"]
[Date "2017.01.14"]
[Round "3.82"]
[White "Rendle, Thomas E"]
[Black "Dunn, Andrew"]
[Result "1-0"]
[WhiteElo "2360"]
[BlackElo "2213"]
[PlyCount "79"]
[EventDate "2016.11.19"]
[EventType "team-tourn"]
[EventRounds "7"]
[EventCountry "ENG"]
[SourceTitle "EXT 2018"]
[Source "ChessBase"]
[SourceDate "2017.10.13"]
[SourceVersion "1"]
[SourceVersionDate "2017.10.13"]
[SourceQuality "1"]
[WhiteTeam "Grantham Sharks"]
[BlackTeam "North East England"]
[WhiteTeamCountry "ENG"]
[BlackTeamCountry "ENG"]

1. e4 c6 2. Nc3 d5 3. Nf3 dxe4 4. Nxe4 Nf6 5. Qe2 Nxe4 6. Qxe4 Nd7 7. Bc4 Nf6 8. Ne5 e6 9. Qe2 Be7 10. c3 Qc7 11. d4 b5 12. Bb3 0-0 13. 0-0 Bd7 14. Bg5 Rae8 15. Bc2 Nd5 16. Qd3 f5 17. Bxe7 Rxe7 18. Rfe1 Be8 19. Bb3 Rf6 20. Rac1 Rh6 21. Qg3 Qb6 22. Nd3 Qc7 23. Re5 Bf7 24. Rce1 Rg6 25. Qf3 Rf6 26. Nc5 Re8 27. Qe2 Rh6 28. Bxd5 cxd5 29. Qxb5 Rb8 30. Qe2 Rb6 31. b4 Be8 32. h3 Bh5 33. Qe3 Bf7 34. a4 Rf6 35. Qf4 h6 36. h4 Kh7 37. a5 Rd6 38. R5e3 Qc6 39. b5 Qc7 40. Rb1 1-0

[Event "BCF-chT1b 1617 (4NCL)"]
[Site "England"]
[Date "2016.11.20"]
[Round "2.81"]
[White "Speelman, Jonathan S"]
[Black "Dunn, Andrew"]
[Result "1/2-1/2"]
[WhiteElo "2526"]
[BlackElo "2213"]
[PlyCount "86"]
[EventDate "2016.11.19"]
[EventType "team-tourn"]
[EventRounds "7"]
[EventCountry "ENG"]
[SourceTitle "CBM 175 Extra"]
[Source "ChessBase"]
[SourceDate "2016.12.12"]
[SourceVersion "1"]
[SourceVersionDate "2016.12.12"]
[SourceQuality "1"]
[WhiteTeam "Wood Green"]
[BlackTeam "North East England"]
[WhiteTeamCountry "ENG"]
[BlackTeamCountry "ENG"]

1. c4 e6 2. Nf3 d5 3. b3 Nf6 4. Bb2 Be7 5. g3 0-0 6. Bg2 c5 7. cxd5 exd5 8. d4 Nc6 9. 0-0 Ne4 10. dxc5 Bxc5 11. e3 Be6 12. Nc3 Rc8 13. Nxe4 dxe4 14. Qxd8 Nxd8 15. Ng5 f5 16. Rfd1 Be7 17. Nxe6 Nxe6 18. Rd7 Rc7 19. Rad1 Rd8 20. Rxd8+ Nxd8 21. Bf1 Rc2 22. Rd7 Nc6 23. Bd4 Nxd4 24. Rxd4 Rxa2 25. Rd7 Kf8 26. Rxb7 g6 27. Bc4 a5 28. Ra7 h5 29. h4 Bb4 30. Bf7 Be1 31. Kf1 Bxf2 32. Bxg6 Bxg3 33. Rf7+ Kg8 34. Rxf5 Bxh4 35. Rxh5 Bf6 36. Be8 Ra1+ 37. Kf2 Bc3 38. Rc5 Be1+ 39. Ke2 Bb4 40. Rc4 Ra2+ 41. Kf1 Rb2 42. Ba4 Kf7 43. Rxe4 Kf6 1/2-1/2

[Event "BCF-chT2c 1516 (4NCL)"]
[Site "England"]
[Date "2016.05.01"]
[Round "10.232"]
[White "Dunn, Andrew"]
[Black "Okike, David"]
[Result "1-0"]
[WhiteElo "2245"]
[BlackElo "2201"]
[PlyCount "51"]
[EventDate "2015.11.14"]
[EventType "team-swiss"]
[EventRounds "11"]
[EventCountry "ENG"]
[SourceTitle "EXT 2017"]
[Source "ChessBase"]
[SourceDate "2016.10.25"]
[SourceVersion "1"]
[SourceVersionDate "2016.10.25"]
[SourceQuality "1"]
[WhiteTeam "North East England"]
[BlackTeam "Kings Head"]
[WhiteTeamCountry "ENG"]
[BlackTeamCountry "ENG"]

1. d4 Nf6 2. Nf3 e6 3. c4 Bb4+ 4. Bd2 a5 5. g3 b6 6. Bg2 Ba6 7. a3 Be7 8. Ne5 c6 9. 0-0 d5 10. cxd5 cxd5 11. Nc3 0-0 12. Rb1 Nfd7 13. Nxd7 Nxd7 14. b4 Bc4 15. Qc2 axb4 16. axb4 b5 17. Rfd1 f5 18. e3 Nf6 19. Bf1 Qe8 20. f3 Qc6 21. Bg2 Rfc8 22. Rdc1 Qb6 23. Nd1 Ra3 24. Ra1 Rca8 25. Rxa3 Rxa3 26. Rb1 1-0

[Event "BCF-chT2b 1516 (4NCL)"]
[Site "England"]
[Date "2016.03.19"]
[Round "7.16"]
[White "Dunn, Andrew"]
[Black "Beckett, Christopher J"]
[Result "1/2-1/2"]
[WhiteElo "2252"]
[BlackElo "2129"]
[PlyCount "83"]
[EventDate "2015.11.14"]
[EventType "team-tourn"]
[EventRounds "7"]
[EventCountry "ENG"]
[SourceTitle "EXT 2017"]
[Source "ChessBase"]
[SourceDate "2016.10.25"]
[SourceVersion "1"]
[SourceVersionDate "2016.10.25"]
[SourceQuality "1"]
[WhiteTeam "North East England"]
[BlackTeam "Cambridge II"]
[WhiteTeamCountry "ENG"]
[BlackTeamCountry "ENG"]

1. d4 e6 2. Nf3 Nf6 3. c4 Bb4+ 4. Bd2 a5 5. g3 d5 6. Bg2 0-0 7. 0-0 Nbd7 8. Bxb4 axb4 9. Qb3 Qe7 10. Nbd2 c6 11. Rfc1 Rd8 12. c5 b6 13. cxb6 Bb7 14. a3 Ra6 15. Qxb4 Qxb4 16. axb4 Rxb6 17. Ra4 Ba6 18. e3 Rdb8 19. b3 Kf8 20. Rca1 Bc8 21. Ne1 Rxb4 22. Rxb4 Rxb4 23. Nd3 Rb6 24. Ra8 Rb8 25. Ra7 Rb7 26. Ra2 Rb6 27. Ra8 Rb8 28. Rxb8 Nxb8 29. b4 Ke7 30. Nb3 Ba6 31. Ne5 Nfd7 32. Nxd7 Kxd7 33. Nc5+ Kc7 34. f4 Bc4 35. Bh3 Na6 36. Nxa6+ Bxa6 37. Kf2 Kb6 38. Ke1 Kb5 39. Bf1+ Kb6 40. Bh3 Kb5 41. Bf1+ Kb6 42. Bh3 1/2-1/2

[Event "BCF-chT2b 1516 (4NCL)"]
[Site "England"]
[Date "2016.01.23"]
[Round "3.25"]
[White "Farrand, Tom"]
[Black "Dunn, Andrew"]
[Result "1/2-1/2"]
[WhiteElo "2188"]
[BlackElo "2252"]
[PlyCount "33"]
[EventDate "2015.11.14"]
[EventType "team-tourn"]
[EventRounds "7"]
[EventCountry "ENG"]
[SourceTitle "CBM 170 Extra"]
[Source "ChessBase"]
[SourceDate "2016.02.25"]
[SourceVersion "1"]
[SourceVersionDate "2016.02.25"]
[SourceQuality "1"]
[WhiteTeam "BCM Dragons"]
[BlackTeam "North East England"]
[WhiteTeamCountry "ENG"]
[BlackTeamCountry "ENG"]

1. e4 c6 2. d4 d5 3. exd5 cxd5 4. Bd3 Nc6 5. c3 Qc7 6. Ne2 Bg4 7. f3 Bd7 8. Bf4 e5 9. dxe5 Nxe5 10. 0-0 Bd6 11. Nd4 Ne7 12. Na3 a6 13. Nac2 Nxd3 14. Bxd6 Qxd6 15. Qxd3 0-0 16. Kh1 Ng6 17. Rfe1 1/2-1/2

[Event "BCF-chT3N 1415 (4NCL)"]
[Site "England"]
[Date "2015.01.11"]
[Round "4.56"]
[White "Dunn, Andrew"]
[Black "Allis, Richard"]
[Result "1-0"]
[WhiteElo "2223"]
[BlackElo "2029"]
[PlyCount "129"]
[EventDate "2014.11.15"]
[EventType "team-swiss"]
[EventRounds "6"]
[EventCountry "ENG"]
[SourceTitle "EXT 2016"]
[Source "ChessBase"]
[SourceDate "2015.10.08"]
[SourceVersion "1"]
[SourceVersionDate "2015.10.08"]
[SourceQuality "1"]
[WhiteTeam "North East England"]
[BlackTeam "Bradford DCA Knights"]
[WhiteTeamCountry "ENG"]
[BlackTeamCountry "ENG"]

1. d4 Nc6 2. Nf3 d6 3. c4 f5 4. Nc3 Nf6 5. g3 g6 6. Bg2 Bg7 7. 0-0 0-0 8. d5 Na5 9. Qd3 b6 10. Nd4 Nb7 11. Nc6 Qd7 12. Nb5 Nc5 13. Qc2 a5 14. Ncd4 Bb7 15. Rb1 Rfe8 16. b3 Qc8 17. Bb2 e5 18. dxe6 Bxg2 19. Kxg2 Nxe6 20. Nxe6 Rxe6 21. Bxf6 Bxf6 22. e3 Qb7+ 23. Kg1 Rae8 24. Qd3 Re5 25. Nc3 Bg7 26. Nd5 c6 27. Nf4 Bf8 28. Rfd1 g5 29. Ng2 Qg7 30. Qd4 c5 31. Qd2 Kh8 32. Qc2 Qf6 33. Qb2 Bg7 34. f4 gxf4 35. gxf4 Qh6 36. Qc2 Re4 37. Rd5 Qg6 38. Kh1 Rg8 39. Qf2 Qe6 40. Rbd1 Bf8 41. R1d3 Be7 42. Qf3 Qf7 43. Rd1 Rg6 44. Qh5 Rf6 45. Qxf7 Rxf7 46. Kg1 Re6 47. R1d2 Kg8 48. Kf1 Kf8 49. Re2 Ke8 50. Ne1 Kd7 51. Nc2 Rg6 52. Rg2 Ke6 53. Na3 Kd7 54. Nb5 Rfg7 55. Rdd2 Rxg2 56. Rxg2 Rxg2 57. Kxg2 Bf6 58. Kf3 Kc6 59. e4 fxe4+ 60. Kxe4 d5+ 61. Kf5 dxc4 62. bxc4 Bg7 63. Ke6 h5 64. f5 h4 65. h3 1-0